00682cam a22002171 4500001001300000003000400013005001700017008004100034010001700075035001800092040002600110042001200136050001700148100002400165245007700189260004800266300001700314500007000331504002700401650003600428sa 63001101 DLC20260227111925.0720718s1962 xx 000 0 eng  asa 63001101  a(OCoLC)358786 aDLCcOClUdOCoLCdDLC apremarc00aHD879.M3bM81 aMukherjee, Nilmani.14aThe ryotwari system in Madras, 1792-1827.cWith foreword by N. K. Sinha. aCalcutta,bFirma K. L. Mukhopadhyay,c1962. a397p.c23cm. a"This dissertation...earned...[the author] his doctorate degree." aIncludes bibliography. 0aLand tenurezIndiazTamil Nadu.